Responses for show #5463 - Wednesday, May 14, 2008

2008 College Championship semifinal game 3.
From the Kohl Center at the University of Wisconsin-Madison.

Contestants

Vera Swain, a junior from the University of South Carolina

Suchita Shah, a senior from the University of Wisconsin-Madison

Joey Beachum, a senior from Mississippi State University

Jeopardy! Round responses

SHAKESPEARE
POP'S MUSIC
AT THE THEME PARK
THE RUSSIANS ARE COMING
"OFF" CAMPUS
BREWERS, BUCKS & PACKERS
    $200 17
Iago

Triple Stumper
    $200 12
Madonna

Joey
    $200 5
Shamu

Suchita
    $200 22
(Suchita: Who is Alexander the Great?)
(Joey: Who is Czar Nicholas II?)

Peter the Great

JoeySuchita
Triple Stumper
    $200 2
offline

Suchita
    $200 1
seeds (or beans)

Suchita
    $400 27
Macbeth

Joey
    $400 13
Led Zeppelin

Vera
    $400 7
Legoland

Joey
    $400 23
Anton Chekhov

Joey
    $400 3
offense

Suchita
    $400 18
a fanny pack

Vera
    $600 28
(Vera: What is The Tempest?)

Twelfth Night

SuchitaVera
    $600 14
Flavor Flav

Suchita
    $600 8
Missouri

Vera
    $1,000 24
the Romanovs

Joey
    $600 4
off the rack

Vera
    $600 19
defibrillators

Suchita
    $800 29
(Joey: What is Copenhagen?)

Elsinore

Joey
Triple Stumper
    $800 15
the Beastie Boys

Vera
    $800 9
(Joey: What is Belgium?)

the Netherlands

Joey
Triple Stumper
    $800 25
(Yuri) Gagarin

Suchita
    $800 6
an officer

Joey
    $800 20
(Joey: Who is Eddie Rickenbacker?)

(Harry) Truman

JoeySuchita
    $1000 30
Marc Antony

Triple Stumper
    $1000 16
Radiohead

Vera
    $1000 10
the Great Smoky Mountains

Suchita
    $1000 26
Mendeleev

Suchita
    $1000 11
offbeat

Suchita
    $1000 21
Vassar

Triple Stumper

Scores at the first commercial break (after clue 15):

Joey Suchita Vera
$600 $3,600 $2,400

Scores at the end of the Jeopardy! Round:

Joey Suchita Vera
$600 $7,200 $3,200

Double Jeopardy! Round responses

U.S. PLACE NAMES
FAMOUS COLLEGE DROPOUTS
HELLO KITTY
THE NEW YORK TIMES TECH BIZ
TAKE A LETTER
BREWERS, BUCKS & PACKERS
    $400 1
Baton Rouge

Joey
    $400 14
Rush Limbaugh

Vera
    $400 19
Ankara

Suchita
    $400 22
Microsoft

Suchita
    $400 6
Q

Joey
    $400 11
Brett Favre

Suchita
    $800 2
(Vera: What is Carnegie?)

Gary

Vera
Triple Stumper
    $800 15
Tolstoy

Suchita
    $800 20
the ears

Triple Stumper
    $800 23
AOL

Joey
    $800 7
W

Suchita
    $800 12
Hank Aaron

Suchita
    $1200 3
Martha's Vineyard

Joey
    $1200 16
Alicia Keys

Joey
    $1200 21
blue

Triple Stumper
    $3,300 24
(Alex: Because of the videos, yes!)

YouTube

Joey
    $1200 8
D

Suchita
    $1200 13
Kareem Abdul-Jabbar (or Lew Alcindor)

Triple Stumper
    $1600 4
Norway

Triple Stumper
    $2,500 17
Carl Bernstein

Joey
    $1600 29
a calico

Vera
    $1600 25
HD-DVD

Joey
    $1600 9
an X

Joey
    $1600 26
Lombardi

Suchita
    $2000 5
Robert Browning

Triple Stumper
    $2000 18
Joel Osteen

Triple Stumper
    $2000 30
a Sphynx

Suchita
    $2000 27
the BlackBerry

Joey
    $2000 10
an N

Triple Stumper
    $2000 28
Prince

Suchita

Scores at the end of the Double Jeopardy! Round:

Joey Suchita Vera
$15,600 $17,600 $4,400

[wagering suggestions for these scores]

Final Jeopardy! Round responses

AMERICAN HISTORY
(Alex: President Tyler signed the Texas Annexation Bill.)
VeraWhat is Mexico?
$4,400
JoeyWhat is Texas?
$15,600
SuchitaWhat is California?
$13,700
Texas

Final scores:

Joey Suchita Vera
$31,200 $3,900 $0
Finalist 2nd place: $10,000 3rd place: $10,000

Game dynamics:

Coryat scores:

Joey Suchita Vera
$12,200 $17,600 $4,400
16 R
(including 3 DDs),
4 W
22 R,
1 W
8 R,
2 W

Combined Coryat: $34,200

The J! Archive is created by fans, for fans. The Jeopardy! game show and all elements thereof, including but not limited to copyright and trademark thereto, are the property of Jeopardy Productions, Inc. and are protected under law. This website is not affiliated with, sponsored by, or operated by Jeopardy Productions, Inc. Join the discussion at JBoard.tv.